000 00241nam a2200097Ia 4500
001 1221725
005 20250827092834.0
008 250824s9999 xx 000 0 und d
245 0 _aBANA ALLAH YETER
_cUĞUR KOŞAR
260 _bDESTEK YAYINLARI
999 _c1221725
_d1221725